000 01492nam0a22003131 4500
001 rc\3149701
005 20260408083226.0
021 _aRU
_b[75-61188]
035 _a(NLR Aleph) 007321456
090 _a5914265
_c5914265
100 _a20120615d1975 |||y0rusy50 ca
101 0 _arus
102 _aRU
105 _aa z |||||
200 1 _aОпыт создания и эксплуатации газовых рециркуляционных зерносушилок
_fМ-во заготовок СССР. Центр. науч.-исслед. ин-т информации и техн.-экон. исследований
210 _aМосква
_c[ЦНИИТЭИ Минзага СССР]
_d1975
215 _a95 с.
_cил.
_d21
225 1 _aОбзорная информация
_iСерия "Элеваторная промышленность"
300 _aАвт. указаны на 2-й с. обл.
320 _aСписок лит.: с. 94
606 _aЗерносушилки газовые
_2psbo
700 1 _aРевера
_bН.Г.
_gНиколай Григорьевич
701 1 _aМацукатов
_bН.П.
_gНиколай Пантелеевич
712 0 2 _aЦНИИ информации и технико-экономических исследований Министерства заготовок СССР
_3RU\NLR\AUTH\8810166106
_9828202
801 0 _aRU
_bNLR
_gpsbo
801 1 _aRU
_bELAR
_2rusmarc
852 _aNLR
_j75-6/4424
942 _cBOOK
980 _aNB